Statistics for Mario Party 3 Mini-Games

Click here to take the quiz!

General Stats

  • This quiz has been taken 32 times
  • The average score is 21 of 71

Answer Stats

HintAnswer% Correct
2v2Eatsa Pizza
57%
BattleStorm Chasers
57%
4 playerTreadmill Grill
57%
DuelFowl Play
50%
1v3Hide and Sneak
50%
BattleLocked Out
50%
BattleMerry Go Chomp
50%
4 playerSnowball Summit
50%
BattleThree Door Monty
50%
DuelVine With Me
50%
4 playerCheep Cheep Chase
43%
4 playerMPIQ
43%
1v3Ridiculous Relay
43%
4 playerRockin Raceway
43%
BattleStacked Deck
43%
ItemWinner's Wheel
43%
4 playerAwful Tower
36%
4 playerBounce n Trounce
36%
DuelEnd of The Line
36%
2v2Etch n Catch
36%
ItemHey, Batter, Batter
36%
4 playerIce Rink Risk
36%
4 playerMario Puzzle Party
36%
4 playerMessy Memory
36%
4 playerParasol Plummet
36%
BattleSlap Down
36%
1v3Spotlight Swim
36%
ItemSwinging With Sharks
36%
4 playerThe Beat Goes On
36%
DuelTick Tock Hop
36%
4 playerAces High
29%
DuelBaby Bowser Bonkers
29%
2v2Baby Bowser Broadside
29%
ItemBobbing Bow-Loons
29%
1v3Boulder Ball
29%
DuelBowser Toss
29%
1v3Coconut Conk
29%
4 playerCurtain Call
29%
ItemDorrie Dip
29%
BattleEye Sore
29%
4 playerFrigid Bridges
29%
Game GuyGame Guy's Lucky 7
29%
DuelMotor Rooter
29%
4 playerToadstool Titan
29%
4 playerWater Whirled
29%
BattleAll Fired Up
21%
1v3Crazy Cogs
21%
Game GuyGame Guy's Sweet Surprise
21%
1v3Hand, Line, and Sinker
21%
2v2Hyper Hydrants
21%
2v2Picking Panic
21%
4 playerPipe Cleaners
21%
DuelSilly Screws
21%
2v2Slot Synch
21%
1v3Thwomp Pull
21%
4 playerChip Shot Challenge
14%
2v2Cosmic Coaster
14%
Game GuyGame Guy's Roulette
14%
1v3River Raiders
14%
RareStardust Battle
14%
1v3Tidal Toss
14%
DuelCrowd Cover
7%
RareDizzy Dinghies
7%
Game GuyGame Guy's Magic Boxes
7%
2v2Log Jam
7%
4 playerPicture Imperfect
7%
DuelPopgun Pickoff
7%
2v2Pump, Pump, and Away
7%
RareMario's Puzzle Party Pro
0%
2v2Puddle Paddle
0%
ItemSwing n Swipe
0%

Score Distribution

Percentile by Number Answered

Percent of People with Each Score

Your Score History

You have not taken this quiz